Teoría del derecho (Record no. 108367)

MARC details
000 -LEADER
fixed length control field 00658cam a2200217 4500
005 - DATE AND TIME OF LATEST TRANSACTION
control field 20200124121529.0
008 - FIXED-LENGTH DATA ELEMENTS--GENERAL INFORMATION
fixed length control field 200124b sp ||||| |||| 00| 0 spa d
020 ## - INTERNATIONAL STANDARD BOOK NUMBER
International Standard Book Number 8474326893
050 04 - LIBRARY OF CONGRESS CALL NUMBER
Classification number K355
Item number R43 2000
100 1# - MAIN ENTRY--PERSONAL NAME
Personal name Riddall, J. G.,
Relator term autor
240 10 - UNIFORM TITLE
Uniform title Jurisprudence
Language of a work Español
245 10 - TITLE STATEMENT
Title Teoría del derecho
Statement of responsibility, etc / J.G. Riddall.
250 ## - EDITION STATEMENT
Edition statement 2a ed.
260 ## - PUBLICATION, DISTRIBUTION, ETC. (IMPRINT)
Place of publication, distribution, etc Barcelona :
Name of publisher, distributor, etc Gedisa,
Date of publication, distribution, etc 2000
300 ## - PHYSICAL DESCRIPTION
Extent 283 p. ;
Dimensions 22 cm.
440 #0 - SERIES STATEMENT/ADDED ENTRY--TITLE
Title CLA.DE.MA. Filosofía del derecho
490 0# - SERIES STATEMENT
Series statement CLA.DE.MA. Filosofía del derecho
506 ## - RESTRICTIONS ON ACCESS NOTE
Terms governing access Donado por la dirección de la facultad
650 #7 - SUBJECT ADDED ENTRY--TOPICAL TERM
Source of heading or term lemb
Topical term or geographic name as entry element Teria del derecho
650 #7 - SUBJECT ADDED ENTRY--TOPICAL TERM
Source of heading or term lemb
Topical term or geographic name as entry element Filosofia del derecho
942 ## - ADDED ENTRY ELEMENTS (KOHA)
Source of classification or shelving scheme Biblioteca del Cogreso de los Estados Unidos
Koha item type Libro
Holdings
Estado de pérdida Fuente de clasificación Estado del daño No para préstamo Ubicación permanente Ubicación actual Apartado o colección Fecha de adquisición Fuente de adquisición Edición Dependencia de educación superior (DES) Área del conocimiento Total Checkouts Clasificación Código de Barras Date last seen Date checked out Número de copia Costo por reposición Tipo de recurso
  Biblioteca del Cogreso de los Estados Unidos     Biblioteca de la Facultad de Derecho y Ciencias Sociales "Felipe J. Tena" Biblioteca de la Facultad de Derecho y Ciencias Sociales "Felipe J. Tena" General 13/01/2016 Donación 2a ed. Derecho Ciencias Sociales y Administrativas 1 K355 R43 2000 BFD000007157 23/03/2026 23/03/2026 1 1.00 Libro
  Biblioteca del Cogreso de los Estados Unidos     Biblioteca de la Facultad de Filosofía Biblioteca de la Facultad de Filosofía General 17/05/2016   1a. ed.   Educación y Humanidades   K230.R5 T46 1999 BFF000016581 17/05/2016   C:1   Libro